| 000 -LEADER |
| fixed length control field |
00963nam a22002177a 4500 |
| 005 - DATE AND TIME OF LATEST TRANSACTION |
| control field |
20241127152459.0 |
| 008 - FIXED-LENGTH DATA ELEMENTS--GENERAL INFORMATION |
| fixed length control field |
241127b ||||| |||| 00| 0 eng d |
| 020 ## - INTERNATIONAL STANDARD BOOK NUMBER |
| International Standard Book Number |
9781405293471 |
| 040 ## - CATALOGING SOURCE |
| Transcribing agency |
KH8 |
| 082 ## - DEWEY DECIMAL CLASSIFICATION NUMBER |
| Classification number |
794.85 EGM |
| 245 ## - TITLE STATEMENT |
| Title |
Roblox top battle games / |
| Statement of responsibility, etc. |
Egmont Publishing UK |
| 260 ## - PUBLICATION, DISTRIBUTION, ETC. |
| Place of publication, distribution, etc. |
London, |
| Name of publisher, distributor, etc. |
Egmont UK Limited, |
| Date of publication, distribution, etc. |
2019 |
| 300 ## - PHYSICAL DESCRIPTION |
| Extent |
1 volume ; |
| Dimensions |
21 cm |
| 520 ## - SUMMARY, ETC. |
| Summary, etc. |
Get the official scoop on some of the most popular competitive games on Roblox, like the frantic vehicular shooter Tiny Tanks, the adrenaline-fuelled world of Speed Run 4, the military mayhem of Phantom Forces, and much more. Each profile features in-depth interviews with the developers and creators, as well as a comprehensive gameplay guide so you can take your skills to the next level<br/> |
| 521 ## - TARGET AUDIENCE NOTE |
| Target audience note |
<br/>Juvenile works |
| 650 ## - SUBJECT ADDED ENTRY--TOPICAL TERM |
| Topical term or geographic name entry element |
Juvenile works |
| 650 ## - SUBJECT ADDED ENTRY--TOPICAL TERM |
| Topical term or geographic name entry element |
Leisure |
| 650 ## - SUBJECT ADDED ENTRY--TOPICAL TERM |
| Topical term or geographic name entry element |
Non-Fiction 9+ |
| 710 ## - ADDED ENTRY--CORPORATE NAME |
| Corporate name or jurisdiction name as entry element |
Egmont UK Limited |
| Relator term |
Publisher |
| 942 ## - ADDED ENTRY ELEMENTS (KOHA) |
| Source of classification or shelving scheme |
|
| Koha item type |
Books - Non Ficton |